| 000 | 00000nam##2200000za#4500 |
| 001 | 9.571619 |
| 003 | CaOODSP |
| 005 | 20211126112844 |
| 007 | cr ||||||||||| |
| 008 | 150406|2004||||xxc|||||o f|0| 0 eng|d |
| 022 | |a1701-9397 |
| 040 | |aCaOODSP|beng |
| 043 | |an-cn--- |
| 086 | 1 |aFB3-2/104-11E-PDF |
| 110 | 2 |aBank of Canada. |
| 245 | 10|aEstimating New Keynesian Phillips curves using exact methods / |h[electronic resource]|cby Linda Khalaf and Maral Kichian. |
| 260 | |aOttawa - Ontario : |bBank of Canada |cApril 2004. |
| 300 | |a43p.|bgraphs, tables |
| 490 | 1 |aBank of Canada working paper|x1701-9397|v2004-11 |
| 500 | |aThe ISSN (1192-5434) for the print edition has been incorrectly copied in this electronic publication. |
| 504 | |aBibliography. |
| 520 | 3 |aThis working paper is part of a series that examines a range of economic and financial issues of interest to bankers, economists and policymakers. |
| 546 | |aRésumé en français. |
| 590 | |a11-19-Supp|b2011-09-23 |
| 690 | 07|aEconomic analysis|2gcpds |
| 690 | 07|aInflation|2gcpds |
| 690 | 07|aPrices|2gcpds |
| 690 | 07|aStatistical analysis|2gcpds |
| 720 | 1 |aKichian, Maral |
| 720 | 1 |aKhalaf, Lynda |
| 776 | 0#|tEstimating New Keynesian Phillips curves using exact methods / |w(CaOODSP)9.616875 |
| 830 | #0|aWorking paper (Bank of Canada)|x1701-9397|v2004-11|w(CaOODSP)9.504604 |
| 856 | 40|ahttp://publications.gc.ca|qPDF|s415 KB|uhttps://publications.gc.ca/collections/Collection/FB3-2-104-11E.pdf|y2004-11 |